Central Library OPAC University of Rajshahi

The barbarian west, 400-1000 / (Record no. 24927)

MARC details
000 -LEADER
fixed length control field 00865nam a2200265 a 4500
001 - CONTROL NUMBER
control field 24927
003 - CONTROL NUMBER IDENTIFIER
rucl marc code BD-RjUL
005 - DATE AND TIME OF LATEST TRANSACTION
control field 20211209001121.0
008 - FIXED-LENGTH DATA ELEMENTS--GENERAL INFORMATION
fixed length control field 140315s1952 enk b 001 0 eng d
035 ## - SYSTEM CONTROL NUMBER
System control number (BD-RjUL)24996
-- (OCoLC)1028460
040 ## - CATALOGING SOURCE
Original cataloging agency DLC
Transcribing agency ITD
Modifying agency SER
-- OCL
-- BD-RjUL
Language of cataloging eng
041 ## - LANGUAGE CODE
Language code of text/sound track or separate title eng
082 04 - DEWEY DECIMAL CLASSIFICATION NUMBER
Classification number 940.1
Author mark and year WAB 1952
100 1# - MAIN ENTRY--PERSONAL NAME
Personal name Wallace-Hadrill, J. M.
Fuller form of name (John Michael)
9 (RLIN) 76698
245 14 - TITLE STATEMENT
Title The barbarian west, 400-1000 /
Statement of responsibility, etc. J. M. Wallace-Hadrill.
260 ## - PUBLICATION, DISTRIBUTION, ETC. (IMPRINT)
Place of publication, distribution, etc. London :
Name of publisher, distributor, etc. Hutchinson's University Library,
Date of publication, distribution, etc. 1952.
300 ## - PHYSICAL DESCRIPTION
Pagination vii, 157 p. :
Size 19 cm.
490 1# - SERIES STATEMENT
Series statement Hutchinson university library. History
504 ## - BIBLIOGRAPHY, ETC. NOTE
Bibliography, etc Includes bibliographical references and index.
650 #0 - SUBJECT ADDED ENTRY--TOPICAL TERM
Topical term or geographic name as entry element Middle Ages
9 (RLIN) 76699
Topical term or geographic name as entry element Migrations of nations.
9 (RLIN) 73618
830 #0 - SERIES ADDED ENTRY--UNIFORM TITLE
Uniform title Hutchinson university library.
942 ## - ADDED ENTRY ELEMENTS (KOHA)
Source of classification or shelving scheme Dewey Decimal Classification
Koha item type Books
Holdings
Lost status Source of classification or shelving scheme Damaged status Not for loan Collection code Permanent Location Current Location Shelving location Date acquired Source of acquisition Cost, normal purchase price Total Checkouts Full call number Date last seen Copy number Koha item type
  Dewey Decimal Classification   Added to bundle Non-fiction Central Library, University of Rajshahi Central Library, University of Rajshahi Reading Room 19/05/1955 Pak. Co. Op. B. s., Dacca. 4.40   940.1 WAB 1952 15/03/2014 C-1 Books